El equipo deportivo
Bewaard in:
| Hoofdauteurs: | , |
|---|---|
| Formaat: | Boek |
| Taal: | Spaans |
| Gepubliceerd in: |
Barcelona
Paidós
1989
|
| Reeks: | Paidós Educación Física, 39
|
| Onderwerpen: | |
| Tags: |
Voeg label toe
Geen labels, Wees de eerste die dit record labelt!
|
MARC
| LEADER | 00000nam a2200000 a 4500 | ||
|---|---|---|---|
| 001 | UCW7236 | ||
| 003 | CL-VaPUC | ||
| 008 | 920930e19890000SP |||||||||||||||||spa|d | ||
| 082 | 0 | 4 | |a 796.077 |b CHA |2 21 |
| 100 | 0 | |a Chappuis, Raymond |e author |9 312402 | |
| 700 | 0 | |a Thomas, Raymond |e author |9 312403 | |
| 245 | 1 | 3 | |a El equipo deportivo |
| 300 | |a 148 p | ||
| 942 | |c BK | ||
| 945 | |d 19920930 00:00:00 | ||
| 260 | |a Barcelona |b Paidós |c 1989 | ||
| 650 | 7 | |a PSICOLOGIA DEL DEPORTE |2 CL-VaPUC |9 307386 | |
| 650 | 7 | |a DEPORTES ASPECTOS PSICOLOGICOS |2 CL-VaPUC |9 307387 | |
| 650 | 7 | |a ENTRENAMIENTO ATLETICO |2 CL-VaPUC |9 312404 | |
| 650 | 7 | |a PROFESIONALISMO EN LOS DEPORTES |2 CL-VaPUC |9 308198 | |
| 583 | |a last modification |c 19920930 00:00:00 |k Rodrigo Vera | ||
| 490 | 0 | |a Paidós Educación Física, 39 | |
| 999 | |c 220076 |d 220074 | ||
| 952 | |0 0 |1 0 |4 0 |6 796_077000000000000_CHA_1989 |7 0 |8 P |9 211835 |a BIBEDU |b BIBEDU |c BIBEDU_PB |d 2019-11-15 |i 279991K |o 796.077 CHA 1989 |p 279991K |r 2024-01-25 |w 2019-11-15 |y BK |k EDU | ||
| 952 | |0 0 |1 0 |4 0 |6 796_077000000000000_CHA_1989 |7 0 |8 P |9 211836 |a BIBEDU |b BIBEDU |c BIBEDU_PB |d 2019-11-15 |i 2799928 |o 796.077 CHA 1989 |p 2799928 |r 2024-01-25 |w 2019-11-15 |y BK |k EDU | ||